Juicen albumit - Statistics

Yleistilastot
  • Tätä visaa on pelattu 49 kertaa
  • Keskiarvotulos 15 / 27
Vastaustilastot
Kokoonpano Vuosi Albumi % Oikein
Juice Leskinen Grand Slam 1986 Yölento
82%
Juice Leskinen & Mikko Alatalo 1975 Juice & Mikko
76%
Juice Leskinen & Coitus Int 1973 Juice Leskinen & Coitus Int
76%
Juice Leskinen & Coitus Int 1974 Per Vers, runoilija
73%
Juice Leskinen 1990 Sinä
70%
Juice Leskinen Slam 1978 Tauko I
70%
Juice Leskinen Slam 1979 Tauko II
70%
Juice 1976 Keskitysleirin ruokavalio
67%
Juice Leskinen 2000 L
67%
Juice Leskinen Slam 1980 XV yö (Tauko III)
67%
Juice Leskinen 1987 Minä
64%
Juice Leskinen Grand Slam 1984 Pyromaani palaa rikospaikalle
64%
Juice Leskinen 1981 Dokumentti
61%
Juice Leskinen Slam 1981 Ajan henki
55%
Juice 1977 Lahtikaupungin rullaluistelijat
55%
Välikausitakki 1978 Välikausitakki
55%
Juice Leskinen Grand Slam 1983 Boogieteorian alkeet peruskoulun ala-astetta varten, lyhyt oppimäärä
48%
Juice Leskinen & Mikko Alatalo 2004 Senaattori ja Boheemi
48%
Juice Leskinen 1993 Haitaribussi
45%
Juice Leskinen 1996 Kiveä ja sämpylää
42%
Juice Leskinen ETC 1992 Simsalabim Jim
42%
Juice Leskinen Grand Slam 1991 Taivaan kappaleita
42%
Juice Leskinen Slam 1980 Kuusessa ollaan
39%
Juice Leskinen Grand Slam 1982 Sivilisaatio
36%
Juice Leskinen 2002 Vaiti, aivan hiljaa
36%
Juice Leskinen Grand Slam 1983 Deep Sea Diver
24%
Juice Leskinen 1998 Pieni Euroiskelmäsarja
18%
Ehtoja vastaavia visoja ei löytynyt
Tulosjakauma
Jokaisen tuloksen saaneiden osuus
Persentiili vastausten määrän mukaan
Tuloshistoriasi
Et ole pelannut tätä visaa